[Event "AUT-chT2M 2324"]
[Site "Austria"]
[Date "2023.12.02"]
[Round "4.2"]
[White "Ruck, Robert"]
[Black "Felsberger, Alfred"]
[Result "1-0"]
[WhiteElo "2534"]
[BlackElo "2333"]
[PlyCount "55"]
[EventDate "2023.11.03"]
[EventType "team-tourn"]
[EventRounds "11"]
[EventCountry "AUT"]
[SourceTitle "CB16_2024"]
[SourceDate "2024.04.17"]
[SourceVersion "1"]
[SourceVersionDate "2024.04.17"]
[SourceQuality "1"]
[WhiteTeam "Fuerstenfeld/Hartberg"]
[BlackTeam "Ansfelden Union"]
[WhiteTeamCountry "AUT"]
[BlackTeamCountry "AUT"]

1. Nf3 Nf6 2. c4 e6 3. Nc3 Bb4 4. g3 b6 5. Bg2 Bb7 6. d3 0-0 7. e4 d5 8. e5 Nfd7 9. cxd5 Bxd5 10. 0-0 c6 11. d4 Be7 12. Qe2 a5 13. Be3 Na6 14. Nxd5 cxd5 15. Ne1 a4 16. a3 Nc7 17. Nd3 b5 18. f4 g6 19. Bd2 Nb6 20. g4 Nc4 21. Bc3 Rc8 22. f5 Bg5 23. f6 Na6 24. Bf3 Qb6 25. Qf2 Rfd8 26. h4 Bh6 27. g5 Bf8 28. h5 1-0

[Event "AUT-chT2M 2223"]
[Site "Austria"]
[Date "2023.04.15"]
[Round "11.2"]
[White "Felsberger, Alfred"]
[Black "Perunovic, Milos"]
[Result "0-1"]
[WhiteElo "2334"]
[BlackElo "2542"]
[PlyCount "38"]
[EventDate "2022.09.30"]
[EventType "team-tourn"]
[EventRounds "11"]
[EventCountry "AUT"]
[SourceTitle "EXT 2024"]
[Source "ChessBase"]
[SourceDate "2023.10.10"]
[SourceVersion "1"]
[SourceVersionDate "2023.10.10"]
[SourceQuality "1"]
[WhiteTeam "Ansfelden Union"]
[BlackTeam "Pinggau Friedberg"]
[WhiteTeamCountry "AUT"]
[BlackTeamCountry "AUT"]

1. e4 c5 2. Nf3 e6 3. g3 Nc6 4. Bg2 Nf6 5. Qe2 e5 6. 0-0 Be7 7. d3 0-0 8. Bg5 d6 9. Nc3 Bg4 10. Bxf6 Bxf6 11. Nd5 Bg5 12. c3 Bh6 13. h3 Be6 14. Nd2 Qd7 15. Kh2 f5 16. exf5 Bxf5 17. Ne4 Rae8 18. Rae1 Kh8 19. Qd1 Be6 0-1

[Event "AUT-chT2M 2223"]
[Site "Austria"]
[Date "2023.03.03"]
[Round "7.4"]
[White "Felsberger, Alfred"]
[Black "Mohr, Georg"]
[Result "1/2-1/2"]
[WhiteElo "2334"]
[BlackElo "2412"]
[PlyCount "79"]
[EventDate "2022.09.30"]
[EventType "team-tourn"]
[EventRounds "11"]
[EventCountry "AUT"]
[SourceTitle "CBM 213 Extra"]
[Source "ChessBase"]
[SourceDate "2023.05.31"]
[SourceVersion "1"]
[SourceVersionDate "2023.05.31"]
[SourceQuality "1"]
[WhiteTeam "Ansfelden Union"]
[BlackTeam "Frauental"]
[WhiteTeamCountry "AUT"]
[BlackTeamCountry "AUT"]

1. e4 c5 2. Nf3 d6 3. d4 cxd4 4. Nxd4 Nf6 5. Nc3 g6 6. Bc4 Bg7 7. h3 0-0 8. Bb3 Nc6 9. Be3 Na5 10. 0-0 b6 11. Re1 Bb7 12. Bg5 Nxb3 13. axb3 h6 14. Bh4 a6 15. Nd5 e6 16. Nxf6+ Bxf6 17. Bxf6 Qxf6 18. Qd2 Kg7 19. Rad1 Rfd8 20. c4 Rab8 21. Re3 b5 22. f3 Ba8 23. Rc3 Qe5 24. Kh1 Rdc8 25. Rdc1 bxc4 26. bxc4 Rb4 27. b3 Rcb8 28. Re1 Qc5 29. Ree3 Qg5 30. Rcd3 R4b6 31. Qe2 a5 32. Nb5 d5 33. exd5 exd5 34. Qa2 dxc4 35. bxc4 Bc6 36. Qxa5 Bxb5 37. cxb5 Rxb5 38. Qc3+ Kh7 39. Re1 Rb2 40. Rg1 1/2-1/2

[Event "AUT-chT 1920"]
[Site "Austria"]
[Date "2020.01.12"]
[Round "8.2"]
[White "Felsberger, Alfred"]
[Black "Banusz, Tamas"]
[Result "0-1"]
[WhiteElo "2340"]
[BlackElo "2620"]
[PlyCount "66"]
[EventDate "2019.10.10"]
[EventType "team-tourn"]
[EventRounds "11"]
[EventCountry "AUT"]
[SourceTitle "CBM 194 Extra"]
[Source "ChessBase"]
[SourceDate "2020.03.31"]
[SourceVersion "1"]
[SourceVersionDate "2020.03.31"]
[SourceQuality "1"]
[WhiteTeam "Ansfelden"]
[BlackTeam "Wien Ottakring"]
[WhiteTeamCountry "AUT"]
[BlackTeamCountry "AUT"]

1. e4 e5 2. Nf3 Nc6 3. Bc4 Nf6 4. d3 h6 5. c3 d6 6. Nbd2 g6 7. 0-0 Bg7 8. a4 0-0 9. Re1 a5 10. Bb3 Nd7 11. Nc4 Nc5 12. Bc2 Ne6 13. g3 Kh8 14. Bd2 b6 15. Ne3 Bb7 16. Nd5 Ne7 17. Nxe7 Qxe7 18. Be3 d5 19. Bd2 Qd7 20. Qe2 Nc5 21. Be3 d4 22. cxd4 exd4 23. Bd2 Rfe8 24. Qd1 Bc6 25. Nh4 Kh7 26. Ng2 f5 27. f3 g5 28. Rf1 Kh8 29. h4 fxe4 30. fxe4 Nxe4 31. hxg5 Nxg3 32. gxh6 Be5 33. Bf4 Qh3 0-1

[Event "AUT-chT 1920"]
[Site "Austria"]
[Date "2020.01.10"]
[Round "6.2"]
[White "Felsberger, Alfred"]
[Black "Krassowizkij, Jaroslaw"]
[Result "1/2-1/2"]
[WhiteElo "2340"]
[BlackElo "2462"]
[PlyCount "62"]
[EventDate "2019.10.10"]
[EventType "team-tourn"]
[EventRounds "11"]
[EventCountry "AUT"]
[SourceTitle "CBM 194 Extra"]
[Source "ChessBase"]
[SourceDate "2020.03.31"]
[SourceVersion "1"]
[SourceVersionDate "2020.03.31"]
[SourceQuality "1"]
[WhiteTeam "Ansfelden"]
[BlackTeam "Goetzis"]
[WhiteTeamCountry "AUT"]
[BlackTeamCountry "AUT"]

1. e4 c5 2. Nf3 d6 3. d4 cxd4 4. Nxd4 Nf6 5. Nc3 a6 6. Be2 e5 7. Nb3 Be7 8. 0-0 0-0 9. Be3 Be6 10. Qd3 Nc6 11. a3 Rc8 12. Nd5 Bxd5 13. exd5 e4 14. Qd2 Ne5 15. Rfc1 b5 16. Na5 Nfg4 17. Nc6 Qd7 18. Bxg4 Nxg4 19. a4 Bf6 20. Bd4 Rfe8 21. axb5 axb5 22. Ra7 Qf5 23. Bxf6 Qxf6 24. c4 bxc4 25. Rxc4 Kf8 26. Rc3 Qf5 27. h3 e3 28. fxe3 Nf6 29. Rb3 Qxd5 30. Qxd5 Nxd5 31. Rbb7 Rxc6 1/2-1/2

[Event "AUT-chT 1920"]
[Site "Austria"]
[Date "2020.01.09"]
[Round "5.2"]
[White "Felsberger, Alfred"]
[Black "Jovanovic, Dusan"]
[Result "1/2-1/2"]
[WhiteElo "2340"]
[BlackElo "2416"]
[PlyCount "123"]
[EventDate "2019.10.10"]
[EventType "team-tourn"]
[EventRounds "11"]
[EventCountry "AUT"]
[SourceTitle "CBM 194 Extra"]
[Source "ChessBase"]
[SourceDate "2020.03.31"]
[SourceVersion "1"]
[SourceVersionDate "2020.03.31"]
[SourceQuality "1"]
[WhiteTeam "Ansfelden"]
[BlackTeam "Bad Voeslau"]
[WhiteTeamCountry "AUT"]
[BlackTeamCountry "AUT"]

1. e4 c5 2. Nf3 e6 3. d4 cxd4 4. Nxd4 a6 5. Nc3 b5 6. Be2 Bb7 7. Bf3 Nc6 8. Nxc6 Bxc6 9. 0-0 Qb8 10. g3 Bd6 11. b3 Nf6 12. Bb2 Be5 13. Re1 b4 14. Na4 Bxa4 15. Bxe5 Qxe5 16. bxa4 0-0 17. a3 Rab8 18. Qd3 a5 19. Rab1 bxa3 20. Qxa3 Rfc8 21. c4 Rxb1 22. Rxb1 Nxe4 23. Rb5 Nc5 24. Kg2 Qc7 25. h4 h6 26. h5 f5 27. Qa1 Nd3 28. Kg1 Qxc4 29. Rxa5 Qc1+ 30. Qxc1 Rxc1+ 31. Kh2 Rc2 32. Bb7 Rxf2+ 33. Kg1 Kf7 34. Rb5 Rb2 35. Rxb2 Nxb2 36. a5 Nc4 37. a6 Nb6 38. a7 Kf6 39. Kf2 e5 40. Ke2 Ke6 41. Kd3 Kd6 42. a8Q Nxa8 43. Bxa8 Ke6 44. Bb7 Kf6 45. Ke3 Kg5 46. Bf3 d6 47. Bd1 d5 48. Be2 g6 49. hxg6 Kxg6 50. Bd1 Kg5 51. Be2 h5 52. Bd1 h4 53. gxh4+ Kxh4 54. Bb3 d4+ 55. Kf3 Kg5 56. Bc2 Kf6 57. Bb1 Ke6 58. Bc2 f4 59. Ke4 Kd6 60. Bd3 Ke6 61. Bc2 Kf6 62. Bd3 1/2-1/2

[Event "AUT-chT 1819"]
[Site "Austria"]
[Date "2019.03.31"]
[Round "9.3"]
[White "Schneider Zinner, Harald"]
[Black "Felsberger, Alfred"]
[Result "0-1"]
[WhiteElo "2396"]
[BlackElo "2335"]
[PlyCount "69"]
[EventDate "2018.11.15"]
[EventType "team-tourn"]
[EventRounds "11"]
[EventCountry "AUT"]
[SourceTitle "CBM 189 Extra"]
[Source "ChessBase"]
[SourceDate "2019.06.03"]
[SourceVersion "1"]
[SourceVersionDate "2019.06.03"]
[SourceQuality "1"]
[WhiteTeam "Wien Ottakring"]
[BlackTeam "Ansfelden"]
[WhiteTeamCountry "AUT"]
[BlackTeamCountry "AUT"]

1. d4 Nf6 2. Nf3 e6 3. g3 b6 4. Bg2 Bb7 5. c4 Bb4+ 6. Bd2 a5 7. 0-0 0-0 8. Nc3 d6 9. d5 Bxc3 10. Bxc3 exd5 11. Nh4 Ne4 12. Qd4 Nxc3 13. Qxc3 d4 14. Qxd4 Bxg2 15. Nxg2 Re8 16. Nf4 Nd7 17. b3 Nc5 18. Qb2 Rb8 19. Rad1 Qd7 20. Rd5 f6 21. Rfd1 Qf7 22. Qc2 Re5 23. a3 g5 24. Ng2 Qg6 25. Qa2 Ne4 26. R1d3 Rxd5 27. cxd5 Re8 28. Ne3 f5 29. Qc2 f4 30. Qxc7 fxe3 31. Rxe3 Qf7 32. Qxf7+ Kxf7 33. b4 axb4 34. axb4 Nf6 35. Rxe8 0-1

[Event "AUT-chT 1819"]
[Site "Austria"]
[Date "2018.11.15"]
[Round "1.3"]
[White "Felsberger, Alfred"]
[Black "Antoniewski, Rafal"]
[Result "1/2-1/2"]
[WhiteElo "2335"]
[BlackElo "2521"]
[PlyCount "118"]
[EventDate "2018.11.15"]
[EventType "team-tourn"]
[EventRounds "11"]
[EventCountry "AUT"]
[SourceTitle "CBM 187 Extra"]
[Source "ChessBase"]
[SourceDate "2018.11.04"]
[SourceVersion "1"]
[SourceVersionDate "2018.11.04"]
[SourceQuality "1"]
[WhiteTeam "Ansfelden"]
[BlackTeam "St Veit"]
[WhiteTeamCountry "AUT"]
[BlackTeamCountry "AUT"]

1. e4 c5 2. Nf3 d6 3. d4 cxd4 4. Nxd4 Nf6 5. Nc3 Nc6 6. Be2 e5 7. Nf3 h6 8. 0-0 Be6 9. Re1 Be7 10. h3 0-0 11. Bf1 Qd7 12. Nd5 Bxd5 13. exd5 Nb4 14. c4 a5 15. a3 Na6 16. b3 Rfc8 17. Be3 Bd8 18. Rc1 b6 19. Nd2 Nh7 20. f4 exf4 21. Bxf4 Bh4 22. Re2 Bg5 23. Bxg5 Nxg5 24. Rc3 Re8 25. h4 Nh7 26. Rg3 Rxe2 27. Qxe2 Re8 28. Re3 Nf6 29. Rxe8+ Nxe8 30. Qe3 Qd8 31. g3 Kf8 32. Bh3 Nc5 33. Kg2 Nf6 34. Bf5 h5 35. Kf3 Ne8 36. Qg5 Nf6 37. Qe3 Qc7 38. Kg2 Na6 39. Kf3 Qb7 40. Ne4 Nxe4 41. Bxe4 Nc5 42. Qg5 Qe7 43. Bc2 Qxg5 44. hxg5 Nd7 45. Ke4 Ne5 46. Bd3 Ke7 47. Be2 g6 48. Kd4 Nd7 49. b4 axb4 50. axb4 Nf8 51. Ke4 Nh7 52. Kf4 f6 53. gxf6+ Kxf6 54. Ke4 Nf8 55. Kd4 Nd7 56. Bd1 Kg5 57. Ba4 Nf6 58. Bd1 Nd7 59. Ba4 Nf6 1/2-1/2

[Event "Steyr Landesliga 1819"]
[Site "Austria"]
[Date "2018.10.06"]
[Round "1.1"]
[White "Felsberger, Alfred"]
[Black "Krebs, Johann"]
[Result "1/2-1/2"]
[WhiteElo "2337"]
[BlackElo "2211"]
[PlyCount "38"]
[EventDate "2018.10.06"]
[EventType "team-tourn"]
[EventRounds "11"]
[EventCountry "AUT"]
[SourceTitle "CBM 187 Extra"]
[Source "ChessBase"]
[SourceDate "2018.11.04"]
[SourceVersion "1"]
[SourceVersionDate "2018.11.04"]
[SourceQuality "1"]
[WhiteTeam "Gamlitz"]
[BlackTeam "Gratwein Strassengel"]
[WhiteTeamCountry "AUT"]
[BlackTeamCountry "AUT"]

1. e4 c6 2. d4 d5 3. Nc3 dxe4 4. Nxe4 Bf5 5. Ng3 Bg6 6. Nf3 Nd7 7. Bd3 e6 8. 0-0 Ngf6 9. Re1 Be7 10. c4 Bxd3 11. Qxd3 0-0 12. Bf4 Qa5 13. a3 Rfe8 14. Qc2 b5 15. Ne5 Rac8 16. c5 Red8 17. Nf3 Nd5 18. Bd2 Qc7 19. h4 Rb8 1/2-1/2

[Event "AUT-chT2M 1718"]
[Site "Austria"]
[Date "2018.02.10"]
[Round "8.2"]
[White "Handler, Lukas"]
[Black "Felsberger, Alfred"]
[Result "1/2-1/2"]
[WhiteElo "2387"]
[BlackElo "2336"]
[PlyCount "199"]
[EventDate "2017.10.27"]
[EventType "team-tourn"]
[EventRounds "11"]
[EventCountry "AUT"]
[SourceTitle "EXT 2019"]
[Source "ChessBase"]
[SourceDate "2018.10.10"]
[SourceVersion "1"]
[SourceVersionDate "2018.10.10"]
[SourceQuality "1"]
[WhiteTeam "Maria Saal II"]
[BlackTeam "Ansfelden"]
[WhiteTeamCountry "AUT"]
[BlackTeamCountry "AUT"]

1. c4 Nf6 2. g3 e5 3. Bg2 Nc6 4. Nc3 Bc5 5. Nf3 d6 6. 0-0 0-0 7. d3 h6 8. a3 a5 9. b3 Be6 10. Bb2 Qd7 11. Rc1 Bh3 12. Nd5 Nxd5 13. cxd5 Bxg2 14. Kxg2 Nd4 15. Nxe5 dxe5 16. Rxc5 b6 17. Rc4 Qxd5+ 18. e4 Qd6 19. f4 f6 20. Bxd4 exd4 21. Qh5 c5 22. Rfc1 Qd7 23. R1c2 Kh8 24. b4 axb4 25. axb4 cxb4 26. Rxb4 Ra3 27. Qe2 b5 28. Rc5 Rb8 29. Rd5 Qc6 30. Kh3 Ra4 31. Rdxd4 Rxb4 32. Rxb4 Qc3 33. Rb2 b4 34. Qc2 Rd8 35. Qb1 Rd4 36. Rb3 Qc5 37. f5 Kh7 38. Qa2 Rd8 39. Qa4 Rb8 40. Qa1 Qd6 41. Qa7 Qf8 42. Qd4 Qe8 43. Kh4 Qe7 44. Qc4 Kh8 45. Kg4 Kh7 46. Kf3 Kh8 47. d4 Kh7 48. d5 Qd6 49. Kg4 Kh8 50. Kh4 Kh7 51. Kh3 Kh8 52. Rb1 Qb6 53. Rb3 Qd6 54. Rd3 Kh7 55. Qb3 Kh8 56. Rd4 Kh7 57. Rc4 Qe7 58. Kg4 Kh8 59. Kf3 Kh7 60. Rd4 Qd6 61. Rd3 Kh8 62. Qc4 Kh7 63. Rb3 Kh8 64. Ke2 Kh7 65. Ke3 Kh8 66. Rb2 Kh7 67. Rb1 Kh8 68. Rb3 Kh7 69. Rd3 Qb6+ 70. Qd4 Qd6 71. Rb3 Kh8 72. Qd2 Kh7 73. Kf3 Kh8 74. Qc2 Kh7 75. Rd3 Kh8 76. Ke2 Kh7 77. Qc6 Qxc6 78. dxc6 b3 79. c7 Rc8 80. Rxb3 Rxc7 81. Kf3 Ra7 82. h4 h5 83. Re3 Ra4 84. Kf4 Rd4 85. g4 hxg4 86. Kxg4 Rb4 87. Kh5 Rb5 88. Kg4 Rb4 89. Kf4 Ra4 90. Rg3 Ra1 91. Re3 Ra4 92. h5 Ra1 93. Rh3 Kh6 94. Rg3 Rh1 95. Rg6+ Kh7 96. Kg4 Rg1+ 97. Kf3 Rh1 98. Kg4 Rg1+ 99. Kf4 Rh1 100. Kg4 1/2-1/2

[Event "AUT-chT2M 1617"]
[Site "Austria"]
[Date "2017.03.25"]
[Round "10.4"]
[White "Schnider, Gert"]
[Black "Felsberger, Alfred"]
[Result "1-0"]
[WhiteElo "2403"]
[BlackElo "2326"]
[PlyCount "67"]
[EventDate "2016.10.07"]
[EventType "team-tourn"]
[EventRounds "11"]
[EventCountry "AUT"]
[SourceTitle "CBM 177 Extra"]
[Source "ChessBase"]
[SourceDate "2017.04.27"]
[SourceVersion "1"]
[SourceVersionDate "2017.04.27"]
[SourceQuality "1"]
[WhiteTeam "Graz Schachfreunde"]
[BlackTeam "Ansfelden"]
[WhiteTeamCountry "AUT"]
[BlackTeamCountry "AUT"]

1. e4 c5 2. Nf3 e6 3. d4 cxd4 4. Nxd4 Nf6 5. Nc3 d6 6. Be3 Be7 7. Qe2 a6 8. a4 Nc6 9. g3 Qc7 10. Bg2 Bd7 11. Nxc6 bxc6 12. a5 0-0 13. 0-0 Qb7 14. Na4 Rad8 15. Ra2 Qb5 16. c4 Qb4 17. Qc2 d5 18. Bb6 Rc8 19. Nc3 Qd6 20. Qe2 Qe5 21. Raa1 Bb4 22. f4 Qb8 23. e5 Bxc3 24. bxc3 Ne4 25. Bxe4 dxe4 26. Bc5 Rfd8 27. Rab1 Qa8 28. Bb6 c5 29. Bxd8 Rxd8 30. Rfd1 g6 31. Rb6 Ba4 32. Rxd8+ Qxd8 33. Rxa6 Bd1 34. Rd6 1-0

[Event "AUT-chT2M 1617"]
[Site "Austria"]
[Date "2017.03.24"]
[Round "9.2"]
[White "Felsberger, Alfred"]
[Black "Wegerer, Fred"]
[Result "1/2-1/2"]
[WhiteElo "2326"]
[BlackElo "2081"]
[PlyCount "51"]
[EventDate "2016.10.07"]
[EventType "team-tourn"]
[EventRounds "11"]
[EventCountry "AUT"]
[SourceTitle "CBM 177 Extra"]
[Source "ChessBase"]
[SourceDate "2017.04.27"]
[SourceVersion "1"]
[SourceVersionDate "2017.04.27"]
[SourceQuality "1"]
[WhiteTeam "Ansfelden"]
[BlackTeam "Gleisdorf"]
[WhiteTeamCountry "AUT"]
[BlackTeamCountry "AUT"]

1. e4 e5 2. Nf3 Nc6 3. Bc4 Nf6 4. d3 h6 5. 0-0 d6 6. a4 g5 7. Re1 Bg7 8. c3 0-0 9. Na3 Ne7 10. Bb3 Ng6 11. Nc4 c6 12. Ne3 Nf4 13. Bc2 Re8 14. g3 Ng6 15. a5 Bh3 16. a6 b5 17. Nf5 c5 18. d4 exd4 19. cxd4 Bxf5 20. exf5 Rxe1+ 21. Qxe1 Ne7 22. dxc5 dxc5 23. Ra3 Ned5 24. Qa5 Qe8 25. Bd3 c4 26. Bf1 1/2-1/2

[Event "AUT-chT2M 1617"]
[Site "Austria"]
[Date "2017.01.28"]
[Round "7.2"]
[White "Felsberger, Alfred"]
[Black "Testor, Sebastian"]
[Result "1-0"]
[WhiteElo "2326"]
[BlackElo "2316"]
[PlyCount "105"]
[EventDate "2016.10.07"]
[EventType "team-tourn"]
[EventRounds "11"]
[EventCountry "AUT"]
[SourceTitle "CBM 177 Extra"]
[Source "ChessBase"]
[SourceDate "2017.04.27"]
[SourceVersion "1"]
[SourceVersionDate "2017.04.27"]
[SourceQuality "1"]
[WhiteTeam "Ansfelden"]
[BlackTeam "Sauwald"]
[WhiteTeamCountry "AUT"]
[BlackTeamCountry "AUT"]

1. e4 e6 2. d4 d5 3. Nc3 Nf6 4. Bg5 Bb4 5. e5 h6 6. Bd2 Bxc3 7. bxc3 Ne4 8. Qg4 Kf8 9. Qd1 c5 10. Bd3 Nxd2 11. Qxd2 Qa5 12. Nf3 cxd4 13. cxd4 Qxd2+ 14. Kxd2 Nc6 15. Rab1 Ke7 16. Rhc1 Rd8 17. c4 dxc4 18. Rxc4 Bd7 19. Be4 Rab8 20. Rc5 Rdc8 21. Rbc1 Nd8 22. Ne1 Rxc5 23. Rxc5 Bc6 24. f3 Kd7 25. Nd3 b6 26. Rc1 Rc8 27. Ke3 Rc7 28. Nf4 Bxe4 29. Rxc7+ Kxc7 30. Kxe4 Nc6 31. d5 exd5+ 32. Nxd5+ Kd7 33. f4 b5 34. g4 a5 35. h4 b4 36. h5 Ke6 37. f5+ Kd7 38. Nb6+ Ke8 39. Kd5 Ne7+ 40. Kc5 Kd8 41. Nc4 a4 42. Kxb4 g6 43. hxg6 fxg6 44. fxg6 Nxg6 45. Kxa4 Nf4 46. Kb5 Nd3 47. Kc6 Nf2 48. Ne3 Ke7 49. Kd5 Nd3 50. a4 Nb4+ 51. Ke4 Nc6 52. Nc4 Ke6 53. a5 1-0

[Event "Steyr Landesliga 1617"]
[Site "Austria"]
[Date "2016.10.15"]
[Round "2.2"]
[White "Felsberger, Alfred"]
[Black "Schreiner, Till"]
[Result "1-0"]
[WhiteElo "2326"]
[BlackElo "2299"]
[PlyCount "67"]
[EventDate "2016.10.01"]
[EventType "team-tourn"]
[EventRounds "11"]
[EventCountry "AUT"]
[SourceTitle "CBM 175 Extra"]
[Source "ChessBase"]
[SourceDate "2016.12.12"]
[SourceVersion "1"]
[SourceVersionDate "2016.12.12"]
[SourceQuality "1"]
[WhiteTeam "Gamlitz"]
[BlackTeam "Styria"]
[WhiteTeamCountry "AUT"]
[BlackTeamCountry "AUT"]

1. e4 c5 2. Nf3 d6 3. d4 cxd4 4. Nxd4 Nf6 5. Nc3 a6 6. Be2 e5 7. Nb3 Be7 8. 0-0 0-0 9. Qd3 Nbd7 10. a4 b6 11. Be3 Bb7 12. Rfd1 Qc7 13. f3 h6 14. Qd2 Rac8 15. Rac1 Rfd8 16. Qe1 Nc5 17. Nxc5 dxc5 18. Rxd8+ Rxd8 19. Qf1 Qc8 20. Bc4 Rd6 21. Bf2 Rd2 22. Bg3 Nd7 23. Nd5 Bxd5 24. Bxd5 Bg5 25. f4 exf4 26. Bxf4 Ne5 27. Bxd2 Bxd2 28. Ra1 Qc7 29. Qe2 Bg5 30. Rf1 g6 31. Qxa6 c4 32. Qb7 Qc5+ 33. Kh1 Be7 34. Qb8+ 1-0

[Event "AUT-chT2M 1516"]
[Site "Austria"]
[Date "2016.02.26"]
[Round "6.2"]
[White "Hajnal, Zoltan"]
[Black "Felsberger, Alfred"]
[Result "1-0"]
[WhiteElo "2319"]
[BlackElo "2341"]
[PlyCount "77"]
[EventDate "2015.10.02"]
[EventType "team-tourn"]
[EventRounds "11"]
[EventCountry "AUT"]
[SourceTitle "EXT 2017"]
[Source "ChessBase"]
[SourceDate "2016.10.25"]
[SourceVersion "1"]
[SourceVersionDate "2016.10.25"]
[SourceQuality "1"]
[WhiteTeam "St Valentin"]
[BlackTeam "Ansfelden"]
[WhiteTeamCountry "AUT"]
[BlackTeamCountry "AUT"]

1. e4 c5 2. Nf3 d6 3. d4 cxd4 4. Nxd4 Nf6 5. Nc3 Nc6 6. Bg5 e6 7. Qd2 a6 8. 0-0-0 Bd7 9. f3 h6 10. Be3 b5 11. g4 Rb8 12. Kb1 Ne5 13. Bd3 Nxd3 14. cxd3 e5 15. Nb3 b4 16. Ne2 Bb5 17. d4 Nd7 18. Ng3 g6 19. h4 Nb6 20. dxe5 Nc4 21. Qf2 Nxe5 22. g5 h5 23. Bd4 Bg7 24. Bxe5 Bxe5 25. f4 Bg7 26. e5 Qb6 27. Qe1 dxe5 28. f5 gxf5 29. Nxf5 0-0 30. Nxg7 Qg6+ 31. Ka1 Qxg7 32. Nc5 Bc6 33. Rf1 Rb5 34. Qe3 Rc8 35. Rc1 Bg2 36. Nd7 Rd8 37. Nf6+ Kf8 38. Rfd1 Rdb8 39. Qd2 1-0

[Event "Steyr Landesliga 1516"]
[Site "Austria"]
[Date "2015.11.07"]
[Round "4.2"]
[White "Danner, Georg"]
[Black "Felsberger, Alfred"]
[Result "1/2-1/2"]
[WhiteElo "2393"]
[BlackElo "2341"]
[PlyCount "51"]
[EventDate "2015.09.26"]
[EventType "team-tourn"]
[EventRounds "11"]
[EventCountry "AUT"]
[SourceTitle "CBM 170 Extra"]
[Source "ChessBase"]
[SourceDate "2016.02.25"]
[SourceVersion "1"]
[SourceVersionDate "2016.02.25"]
[SourceQuality "1"]
[WhiteTeam "Pinggau Friedberg"]
[BlackTeam "Gamlitz"]
[WhiteTeamCountry "AUT"]
[BlackTeamCountry "AUT"]

1. d4 Nf6 2. Nf3 e6 3. e3 b6 4. Bd3 Bb7 5. 0-0 d5 6. c4 Bd6 7. Nc3 0-0 8. Nb5 Be7 9. b3 a6 10. Nc3 Nbd7 11. Bb2 Bb4 12. Ne2 dxc4 13. Bxc4 Bxf3 14. gxf3 Nd5 15. Ng3 f5 16. f4 N7f6 17. Qf3 c6 18. Rfc1 Qd7 19. a4 Rfc8 20. Bf1 a5 21. Rc4 Rc7 22. Bg2 Rb8 23. Qd1 b5 24. Rc2 Rcb7 25. axb5 Rxb5 26. Ba3 1/2-1/2

[Event "AUT-chT2M 1415"]
[Site "Austria"]
[Date "2015.04.17"]
[Round "9.6"]
[White "Felsberger, Alfred"]
[Black "Schachinger, Mario"]
[Result "1/2-1/2"]
[WhiteElo "2351"]
[BlackElo "2421"]
[PlyCount "86"]
[EventDate "2014.10.03"]
[EventType "team-tourn"]
[EventRounds "11"]
[EventCountry "AUT"]
[SourceTitle "EXT 2016"]
[Source "ChessBase"]
[SourceDate "2015.10.08"]
[SourceVersion "1"]
[SourceVersionDate "2015.10.08"]
[SourceQuality "1"]
[WhiteTeam "Ansfelden"]
[BlackTeam "Maria Saal II"]
[WhiteTeamCountry "AUT"]
[BlackTeamCountry "AUT"]

1. e4 e5 2. Nf3 Nc6 3. Bc4 Bc5 4. 0-0 Nf6 5. d3 0-0 6. Nbd2 d6 7. c3 a6 8. Bb3 h6 9. Re1 Be6 10. Nf1 Bxb3 11. Qxb3 Re8 12. Be3 Nd7 13. Rad1 b5 14. d4 Bb6 15. Ng3 Qf6 16. h3 Rab8 17. Qc2 Ne7 18. b3 Nf8 19. Qd2 Ne6 20. Kh2 g5 21. Nh5 Qg6 22. g4 exd4 23. cxd4 Ng7 24. Ng3 Qf6 25. Kg2 Ng6 26. d5 Bxe3 27. Rxe3 h5 28. Nd4 Nf4+ 29. Kf1 hxg4 30. hxg4 Qh6 31. Qc3 Qh3+ 32. Ke1 Ng2+ 33. Kd2 Nxe3 34. Qxe3 Qxg4 35. Rc1 Qf4 36. Rxc7 Rbc8 37. Ra7 Ra8 38. Rb7 Rab8 39. Ra7 Ra8 40. Rb7 Rab8 41. Rc7 Rbc8 42. Rb7 Rb8 43. Rc7 Rbc8 1/2-1/2

[Event "AUT-chT2M 1415"]
[Site "Austria"]
[Date "2015.02.27"]
[Round "6.6"]
[White "Felsberger, Alfred"]
[Black "Poetz, Florian"]
[Result "1/2-1/2"]
[WhiteElo "2351"]
[BlackElo "2409"]
[PlyCount "59"]
[EventDate "2014.10.03"]
[EventType "team-tourn"]
[EventRounds "11"]
[EventCountry "AUT"]
[SourceTitle "EXT 2016"]
[Source "ChessBase"]
[SourceDate "2015.10.08"]
[SourceVersion "1"]
[SourceVersionDate "2015.10.08"]
[SourceQuality "1"]
[WhiteTeam "Ansfelden"]
[BlackTeam "Fuerstenfeld/Hartberg"]
[WhiteTeamCountry "AUT"]
[BlackTeamCountry "AUT"]

1. e4 c5 2. Nf3 e6 3. d4 cxd4 4. Nxd4 a6 5. Nc3 Qc7 6. Be2 b5 7. 0-0 Bb7 8. Bf3 d6 9. Re1 Nf6 10. a4 bxa4 11. Rxa4 Nbd7 12. Nb3 Nb6 13. Rb4 d5 14. Bf4 Qxf4 15. Rxb6 Qc7 16. Rxb7 Qxb7 17. exd5 Rd8 18. Qa1 Bb4 19. dxe6 Qb6 20. Na4 Qc7 21. c3 Bd6 22. g3 0-0 23. Nd4 Rde8 24. Qd1 Be5 25. exf7+ Qxf7 26. Re3 Ng4 27. Rd3 Bc7 28. Kg2 Ne5 29. Re3 Nxf3 30. Rxf3 1/2-1/2

[Event "AUT-chT2M 1415"]
[Site "Austria"]
[Date "2014.11.15"]
[Round "4.1"]
[White "Felsberger, Alfred"]
[Black "Pilaj, Herwig"]
[Result "0-1"]
[WhiteElo "2351"]
[BlackElo "2388"]
[PlyCount "114"]
[EventDate "2014.10.03"]
[EventType "team-tourn"]
[EventRounds "11"]
[EventCountry "AUT"]
[SourceTitle "EXT 2015"]
[Source "ChessBase"]
[SourceDate "2014.11.20"]
[SourceVersion "1"]
[SourceVersionDate "2014.11.20"]
[SourceQuality "1"]
[WhiteTeam "Ansfelden"]
[BlackTeam "Die Klagenfurter"]
[WhiteTeamCountry "AUT"]
[BlackTeamCountry "AUT"]

1. e4 c5 2. Nf3 Nc6 3. d4 cxd4 4. Nxd4 g6 5. Nc3 Bg7 6. Be3 Nf6 7. Bc4 Qa5 8. 0-0 0-0 9. Bb3 d6 10. h3 Bd7 11. Re1 Nxd4 12. Bxd4 e6 13. Qf3 Ne8 14. Rad1 Bxd4 15. Rxd4 Bc6 16. Qe3 Qc5 17. a4 a6 18. Qe2 b5 19. axb5 axb5 20. Kh1 Nf6 21. f3 Rfd8 22. Red1 Ne8 23. Na2 Rd7 24. Nb4 Rda7 25. Qe1 Bb7 26. c3 Qg5 27. Qf1 Ra5 28. Bc2 Qg3 29. Bb3 Kg7 30. Re1 Nf6 31. Red1 Ne8 32. R4d2 g5 33. Rd3 h5 34. Qg1 Qe5 35. Bc2 g4 36. Re3 Qg5 37. fxg4 hxg4 38. Rg3 Nf6 39. Qb6 Qf4 40. Qe3 Qxe3 41. Rxe3 Ra1 42. Rxa1 Rxa1+ 43. Kh2 Rf1 44. Kg3 e5 45. hxg4 Rf4 46. g5 Nxe4+ 47. Bxe4 Rxe4 48. Rd3 Re2 49. Rxd6 Rxg2+ 50. Kh4 Bf3 51. Rb6 Be2 52. Nd5 Rg4+ 53. Kh3 Rxg5 54. Nc7 Rg6 55. Rb8 Bf1+ 56. Kh4 f5 57. Rb7 Kh6 0-1